| 000 | 00944nam a2200229Ia 4500 | ||
|---|---|---|---|
| 001 | 22431 | ||
| 005 | 20260422101811.0 | ||
| 008 | 260414t2017||||xx |||||||||||||| ||spa|| | ||
| 041 | _aESP | ||
| 082 |
_a621.381 _bT65 2017 |
||
| 100 |
_aTocci, Ronald J. _eAUT |
||
| 245 | 0 |
_aSistemas digitales : _bprincipios y aplicaciones |
|
| 260 | _c2017 | ||
| 300 |
_axviii, 859 páginas : _c27 cm. |
||
| 650 | _aTCA | ||
| 654 | _aCET | ||
| 856 |
_uhttps://itmsp.museknowledge.com/UCSP?url=https://www.ebooks7-24.com:443/?il=7393&pg=1 _zVersión digital |
||
| 856 |
_uhttps://0u213xh5q-y-https-ebooks7--24-com.itmsp.museknowledge.com/biblioteca.aspx _zVéase además: Base de datos Ebook7-24 |
||
| 856 |
_uhttps://0u206xh6x-y-https-ieeexplore-ieee-org.itmsp.museknowledge.com/Xplore/home.jsp _zVéase además: Base de datos IEEE Xplore |
||
| 856 |
_uhttps://dl.acm.org/ _zVéase además: Base de datos ACM Digital Library |
||
| 942 |
_cLIB _dJUS _fJUS _2ddc |
||
| 999 |
_c22431 _d22431 |
||